NFL Draft 2026 Round 3 - Statistics

General Stats
  • This quiz has been taken 20 times
  • The average score is 18 of 36
Answer Stats
Pick Team Pos. Answer School % Correct
65 Arizona Cardinals QB Carson Beck Miami
100%
71 Washington Commanders WR Antonio Williams Clemson
75%
94 Miami Dolphins (via DEN) WR Chris Bell Louisville
75%
76 Pittsburgh Steelers (via DAL) QB Drew Allar Penn State
75%
68 Philadelphia Eagles (via NYJ) OT Markel Bell Miami
75%
79 Atlanta Falcons WR Zachariah Branch Georgia
75%
80 Baltimore Ravens WR Ja'Kobi Lane USC
63%
74 New York Giants (via KC, via CLE) WR Malachi Fields Notre Dame
63%
78 Indianapolis Colts S A.J. Haulcy LSU
50%
83 Carolina Panthers WR Chris Brazzell II Tennessee
50%
77 Green Bay Packers (via TB) DT Chris McClellan Missouri
50%
82 Minnesota Vikings DT Domonique Orange Iowa State
50%
95 New England Patriots TE Eli Raridon Notre Dame
50%
99 Seattle Seahawks (via PIT) CB Julian Neal Arkansas
50%
67 Las Vegas Raiders EDGE Keyron Crawford Auburn
50%
73 New Orleans Saints TE Oscar Delp Georgia
50%
70 San Francisco 49ers (via CLE) EDGE Romello Height Texas Tech
50%
69 Chicago Bears (via NYG, via HOU, BUF, TEN) TE Sam Roush Stanford
50%
72 Cincinnati Bengals CB Tacario Davis Washington
50%
84 Tampa Bay Buccaneers (via GB) WR Ted Hurst Georgia State
50%
66 Denver Broncos (via BUF) DT Tyler Onyedim Texas A&M
50%
81 Jacksonville Jaguars (via DET) DT Albert Regis Texas A&M
38%
86 Cleveland Browns (via LAC) OT Austin Barber Florida
38%
75 Miami Dolphins WR Caleb Douglas Texas Tech
38%
97 Minnesota Vikings (Compensatory) OT Caleb Tiernan Northwestern
38%
85 Pittsburgh Steelers CB Daylen Everette Georgia
38%
88 Jacksonville Jaguars G Emmanuel Pregnon Oregon
38%
96 Pittsburgh Steelers (via SEA) OT Gennings Dunker Iowa
38%
92 Dallas Cowboys (via SF) EDGE Jaishawn Barham Michigan
38%
98 Minnesota Vikings (via PHI) S Jakobe Thomas Miami
38%
90 San Francisco 49ers (via HOU, via MIA) RB Kaelon Black Indiana
38%
93 Los Angeles Rams OT Keagen Trost Missouri
38%
91 Las Vegas Raiders (via BUF, via HOU) C Trey Zuhn III Texas A&M
38%
87 Miami Dolphins (via PHI) TE Will Kacmarek Ohio State
38%
89 Chicago Bears WR Zayvion Thomas LSU
38%
100 Jacksonville Jaguars (via DET) CB Jalen Huskey Maryland
25%
No matching quizzes found
Score Distribution
Percent of People with Each Score
Percentile by Number Answered
Your Score History
You have not taken this quiz